| 000 | 01007nam a2200313Ia 4500 | ||
|---|---|---|---|
| 001 | Z_149 | ||
| 003 | CHAP | ||
| 008 | 220113s1989 xx 000 0 und d | ||
| 010 | _a163121 | ||
| 040 | _cCHAP | ||
| 082 | _a338.173492 F5 | ||
| 100 | 1 |
_aFlores Verduzco, Juan José _941784 |
|
| 245 |
_aSistema agroindustrial de producción intensiva de carne y huevo en Jalisco, tendencias recientes, problemática y alternativas: proyecto de investigación / _cpor Juan José Flores Verduzco |
||
| 260 |
_aGuadalajara, Jal. : _bUACH. Centro Regional Universitario de Occidente, _c1989 |
||
| 300 | _a83 p. | ||
| 440 | _a | ||
| 500 | _a | ||
| 503 | _a | ||
| 650 |
_aAcuicultura _xJalisco I. UACH. Centro Regional Universitario de Occidente II. t. _9137366 |
||
| 650 |
_aCarne _xProducción _919109 |
||
| 650 |
_aGanado de carne _xJalisco _945089 |
||
| 650 |
_aHuevos _xProducción _956759 |
||
| 901 | _a338.173492 F5 | ||
| 902 | _aA | ||
| 910 | _a1989 | ||
| 942 | _c1 | ||
| 942 | _cc1 | ||
| 999 |
_c163121 _d163121 |
||